| 000 | 00763 a2200217 4500 | ||
|---|---|---|---|
| 010 | _aENG-85679 | ||
| 020 | _c350.00 | ||
| 035 | _aEN-69212 | ||
| 037 | _bD.B.Act / Pub | ||
| 082 | 1 | 4 | _a954.11 |
| 090 |
_c3438 _d3438 |
||
| 100 | 1 | _aVaishnavi, B. K. | |
| 245 | 1 |
_aKashmir _cby B. K. Vaishnavi edited by V. K. Vaishnavi and Chetana Vaishnavi _bthe gordian knot 1940-2003 |
|
| 260 |
_aChandigarh _bUnistar Books _c2006 |
||
| 270 |
_aS.C.O. 26-27, Sector 34 A, _bChandigarh _e160 022 _k0172-5077427, 5077428 _minfo@unistarbooks.com |
||
| 300 |
_a182 p. _c21 cm ( Hb.) |
||
| 710 | 1 | _aVaishnavi, V. K. | |
| 710 | 1 | _aVaishnavi, Chetana | |
| 942 |
_adpl _cEN _k954.11 / VAI |
||
| 999 |
_c3371 _d3371 |
||